000 00664nam a2200217 4500
003 OSt
005 20240704080827.0
006 a
008 240704b |||||||| |||| 00| 0 eng d
020 _a9780495116820
040 _aDWCL-HMN lib.
_cOC
082 _2Eleventh edition
_aCirc. 613.2 W618u 2008
100 _aWhitney, Ellie
245 _aUnderstanding nutrition /
250 _aEleventh edition
260 _aUSA :
_bThomson Wadsworth,
_cc2008.
300 _axxi
_b(various paging) : ill. (some col.) ;
_c28 cm.
504 _aIncludes bibliographical references and index.
650 _a1. Nutrition.
942 _2ddc
_n0
_cBK-CIRC
_eEleventh edition
_kCirc.
999 _c1971
_d1971